[Event "60th ch-GRE"]
[Site "Vrahati GRE"]
[Date "2010.12.02"]
[Round "7"]
[White "Spiliadis, Athanasios"]
[Black "Nikolaidis, Ioannis"]
[Result "0-1"]
[BlackTitle "GM"]
[WhiteElo "1888"]
[BlackElo "2552"]
[WhiteFideId "4238680"]
[BlackFideId "4202139"]
[EventDate "2010.11.26"]

1. e4 c6 2. d4 g6 3. Nf3 Bg7 4. Nc3 d6 5. h3 Nd7 6. Be3 Qc7 7. Qd2 Ngf6 8. Bd3
O-O 9. O-O e5 10. dxe5 dxe5 11. Rad1 b5 12. a3 Re8 13. Ne2 Bf8 14. c3 Nc5 15.
Ng3 Nxd3 16. Qxd3 Be6 17. Qc2 a5 18. Qc1 Bb3 19. Rd2 a4 20. Bg5 Nd7 21. Nh2 h5
22. Nf3 Nc5 23. Re1 Ne6 24. Bf6 Bg7 25. Bxg7 Kxg7 26. Kh2 Nc5 27. Re3 Qe7 28.
Nd4 exd4 29. cxd4 h4 30. dxc5 hxg3+ 31. Kxg3 Rad8 32. Rxd8 Rxd8 33. f4 Rd4 34.
Qc3 Qf6 35. Qe1 Rd1 36. e5 Qd8 37. Qe2 Rd2 0-1

[Event "60th ch-GRE"]
[Site "Vrahati GRE"]
[Date "2010.12.02"]
[Round "7"]
[White "Nikolaidis, Konstantinos"]
[Black "Kapnisis, Spyridon"]
[Result "0-1"]
[WhiteTitle "FM"]
[BlackTitle "IM"]
[WhiteElo "2308"]
[BlackElo "2511"]
[WhiteFideId "4200578"]
[BlackFideId "4203445"]
[EventDate "2010.11.26"]

1. c4 e5 2. g3 Nf6 3. Bg2 d5 4. cxd5 Nxd5 5. Nc3 Nb6 6. Nf3 Nc6 7. O-O Be7 8. a3
O-O 9. b4 Be6 10. Rb1 f6 11. d3 a5 12. b5 Nd4 13. Nd2 Qc8 14. e3 Nf5 15. Qc2 Rd8
16. Bb2 Nh6 17. Rfc1 Qd7 18. Bf1 Nf7 19. Nc4 Nxc4 20. dxc4 Bf5 21. e4 Bg4 22.
Be2 c6 23. Rd1 Qe6 24. f3 Bh5 25. Rxd8+ Rxd8 26. Rd1 Bc5+ 27. Kh1 Bd4 28. Na4
Qe7 29. Kg2 Ng5 30. Qd2 Qc7 31. bxc6 bxc6 32. c5 Bf7 33. Qc2 Qc8 34. Bxd4 exd4
35. Nb6 Qh3+ 36. Kg1 Bh5 37. Rd3 Bg6 38. Qb2 f5 39. Rxd4 Re8 40. Rd7 Bf7 41. f4
Nxe4 42. Bc4 Nxg3 43. hxg3 Qxg3+ 44. Qg2 Qe1+ 45. Qf1 Qg3+ 46. Qg2 Qe1+ 47. Qf1
Bxc4 48. Qxe1 Rxe1+ 49. Kf2 Re2+ 50. Kf3 Rc2 51. Rd8+ Kf7 52. Rd7+ Kg6 53. Rd6+
Kh5 54. Rd7 Rc3+ 55. Kf2 g6 56. Rxh7+ Kg4 57. Rg7 Kxf4 58. Rxg6 Bd5 59. Nxd5+
cxd5 60. c6 Rxa3 61. Rd6 Ra2+ 62. Ke1 Ke5 63. c7 Rc2 64. Ra6 Rxc7 65. Rxa5 Ke4
66. Ra8 Re7 67. Ra3 d4 68. Kd2 Rh7 69. Ra8 f4 70. Re8+ Kf3 71. Kd3 Rd7 72. Rf8
Kg3 73. Rg8+ Kf2 74. Rf8 f3 75. Rf6 Kg2 76. Rg6+ Kf1 77. Rf6 f2 78. Rf8 Rg7 0-1

[Event "60th ch-GRE"]
[Site "Vrahati GRE"]
[Date "2010.12.03"]
[Round "8"]
[White "Banikas, Hristos"]
[Black "Kanakaris, Georgios"]
[Result "1-0"]
[WhiteTitle "GM"]
[WhiteElo "2590"]
[BlackElo "2285"]
[WhiteFideId "4202031"]
[BlackFideId "4209460"]
[EventDate "2010.11.26"]

1. c4 Nf6 2. Nc3 g6 3. e4 d6 4. d4 Bg7 5. f3 O-O 6. Nge2 e5 7. Bg5 Nc6 8. d5 Ne7
9. Qd2 Nd7 10. g4 f6 11. Be3 f5 12. h4 f4 13. Bf2 a5 14. Nc1 h6 15. b3 b6 16. a3
Nf6 17. Be2 Bb7 18. Nb5 Qd7 19. Na2 Kh7 20. Nac3 Nc8 21. Na4 Rf7 22. Ra2 c5 23.
dxc6 Bxc6 24. Nac3 Bxb5 25. Nxb5 a4 26. b4 Qc6 27. Nc3 Ne7 28. Rc2 Rc8 29. Kf1
Qd7 30. Nb5 Rc6 31. Rg1 h5 32. g5 Qh3+ 33. Ke1 Ne8 34. Qd3 Qd7 35. Rh1 Nc8 36.
Bf1 Na7 37. Bh3 Qe7 38. Nc3 Qc7 39. Be6 Rf8 40. Bd5 Qb8 41. Nxa4 1-0

[Event "60th ch-GRE"]
[Site "Vrahati GRE"]
[Date "2010.12.03"]
[Round "8"]
[White "Kapnisis, Spyridon"]
[Black "Mastrovasilis, Athanasios"]
[Result "1-0"]
[WhiteTitle "IM"]
[BlackTitle "GM"]
[WhiteElo "2511"]
[BlackElo "2556"]
[WhiteFideId "4203445"]
[BlackFideId "4201990"]
[EventDate "2010.11.26"]

1. e4 e5 2. Nf3 Nc6 3. Bc4 Bc5 4. d3 Nf6 5. O-O O-O 6. Bb3 a6 7. h3 h6 8. Re1
Ba7 9. Nbd2 d6 10. c3 Ne7 11. Nf1 Ng6 12. Ng3 c6 13. d4 Re8 14. Bc2 Qc7 15. Be3
Be6 16. Qd2 Rad8 17. Nf5 Bxf5 18. exf5 exd4 19. Bxh6 dxc3 20. bxc3 gxh6 21. Qxh6
Ne5 22. Qg5+ Kh7 23. Qxf6 Nxf3+ 24. gxf3 Rg8+ 25. Kh1 Bxf2 26. Re7 1-0

[Event "60th ch-GRE"]
[Site "Vrahati GRE"]
[Date "2010.12.03"]
[Round "8"]
[White "Nikolaidis, Ioannis"]
[Black "Nikolaidis, Konstantinos"]
[Result "1-0"]
[WhiteTitle "GM"]
[BlackTitle "FM"]
[WhiteElo "2552"]
[BlackElo "2308"]
[WhiteFideId "4202139"]
[BlackFideId "4200578"]
[EventDate "2010.11.26"]

1. Nf3 Nf6 2. c4 e6 3. d4 b6 4. g3 Bb7 5. Bg2 Be7 6. O-O O-O 7. Re1 d5 8. cxd5
exd5 9. Nc3 Nbd7 10. Bf4 Ne4 11. Qc2 Nxc3 12. bxc3 Nf6 13. c4 c5 14. Rad1 Qc8
15. Bg5 Rd8 16. cxd5 Nxd5 17. Bxe7 Nxe7 18. Ng5 Ng6 19. Bxb7 Qxb7 20. dxc5 Qe7
21. Ne4 bxc5 22. Rxd8+ Rxd8 23. Nxc5 Rc8 24. Rc1 Qe5 25. e4 Nf8 26. Qc3 Qe7 27.
Qe3 h5 28. h4 Rb8 29. Rd1 Ng6 30. Nd3 Qa3 31. Qe2 Re8 32. e5 Qa4 33. Qxh5 Qxa2
34. Qf5 Qd5 35. Re1 a5 36. h5 Ne7 37. Qe4 Qb5 38. Nf4 Nc6 39. e6 fxe6 40. h6 Qb4
41. Nh5 Qxe4 42. Rxe4 Ra8 43. hxg7 a4 44. Rxe6 a3 45. Rh6 Kf7 46. Rxc6 a2 47.
Rc7+ Kg6 48. g8=Q+ Rxg8 49. Nf4+ 1-0

[Event "60th ch-GRE"]
[Site "Vrahati GRE"]
[Date "2010.12.03"]
[Round "8"]
[White "Mastrovasilis, Dimitrios"]
[Black "Koukoufikis, Alexandros"]
[Result "1-0"]
[WhiteTitle "GM"]
[WhiteElo "2580"]
[BlackElo "2278"]
[WhiteFideId "4202694"]
[BlackFideId "4205499"]
[EventDate "2010.11.26"]

1. e4 g6 2. d4 Bg7 3. Nf3 d6 4. Bc4 c6 5. Nbd2 d5 6. Bd3 dxe4 7. Nxe4 Nf6 8.
Nxf6+ exf6 9. O-O O-O 10. h3 Re8 11. c4 Na6 12. Be3 f5 13. Qd2 Bd7 14. Rad1 Nc7
15. Rfe1 Bf8 16. Bf1 a5 17. a3 Qc8 18. Rc1 f6 19. h4 b6 20. g3 Ne6 21. Bh6 Ng7
22. b4 axb4 23. axb4 Ra4 24. c5 Be6 25. Qc3 b5 26. Ra1 Rxa1 27. Rxa1 Bd5 28. Bg2
Nh5 29. Bxf8 Rxf8 30. Nd2 Qd7 31. Bxd5+ Qxd5 32. Qb3 Rd8 33. Ra6 Kf8 34. Qxd5
Rxd5 35. Nb3 f4 36. g4 Ng7 37. Rxc6 Kf7 38. Rc7+ Kf8 39. c6 Rd8 40. d5 Ne8 41.
Rd7 1-0

[Event "60th ch-GRE"]
[Site "Vrahati GRE"]
[Date "2010.12.04"]
[Round "9"]
[White "Koukoufikis, Alexandros"]
[Black "Banikas, Hristos"]
[Result "0-1"]
[BlackTitle "GM"]
[WhiteElo "2278"]
[BlackElo "2590"]
[WhiteFideId "4205499"]
[BlackFideId "4202031"]
[EventDate "2010.11.26"]

1. e4 c5 2. Nc3 a6 3. Nf3 d6 4. g3 g6 5. Bg2 Bg7 6. d3 Nc6 7. Be3 Nf6 8. h3 e5
9. Qd2 h6 10. Ne2 b5 11. c3 Be6 12. O-O Qd7 13. Kh2 c4 14. Ne1 d5 15. dxc4 Nxe4
16. Bxe4 dxe4 17. Qxd7+ Kxd7 18. cxb5 axb5 19. Nc2 Bxa2 20. Nb4 Bc4 21. Rfd1+
Kc7 22. Rxa8 Rxa8 23. Nc1 Nxb4 24. cxb4 Bf8 25. b3 Be6 26. Ne2 Bxb4 27. Rc1+ Kb7
28. Nc3 Rc8 29. Nxe4 Rxc1 30. Bxc1 f5 31. Nd2 e4 32. g4 Kc6 33. gxf5 gxf5 34.
Nf1 Bxb3 35. Bxh6 Bc3 36. Ng3 Be5 37. Bf8 Kd5 38. Kg2 f4 39. Nf1 Bc4 40. Nd2 f3+
41. Kg1 Bf4 42. Bb4 Kd4 43. h4 Kd3 44. Nf1 Be6 0-1

[Event "60th ch-GRE"]
[Site "Vrahati GRE"]
[Date "2010.12.04"]
[Round "9"]
[White "Mastrovasilis, Athanasios"]
[Black "Nikolaidis, Ioannis"]
[Result "1/2-1/2"]
[WhiteTitle "GM"]
[BlackTitle "GM"]
[WhiteElo "2556"]
[BlackElo "2552"]
[WhiteFideId "4201990"]
[BlackFideId "4202139"]
[EventDate "2010.11.26"]

1. d4 d5 2. c4 c6 3. Nc3 Nf6 4. cxd5 cxd5 5. Bf4 Nc6 6. e3 Bf5 7. Nf3 e6 8. Bd3
Bxd3 9. Qxd3 Bd6 10. Bxd6 Qxd6 11. O-O O-O 12. Rfc1 Rac8 13. h3 h6 14. Nb5 Qb8
15. Nc3 Qd6 16. Nb5 Qb8 17. Nc3 Qd6 1/2-1/2

[Event "60th ch-GRE"]
[Site "Vrahati GRE"]
[Date "2010.12.04"]
[Round "9"]
[White "Kanakaris, Georgios"]
[Black "Kapnisis, Spyridon"]
[Result "1/2-1/2"]
[BlackTitle "IM"]
[WhiteElo "2285"]
[BlackElo "2511"]
[WhiteFideId "4209460"]
[BlackFideId "4203445"]
[EventDate "2010.11.26"]

1. e4 e5 2. Nf3 Nc6 3. Bb5 a6 4. Ba4 Nf6 5. O-O Be7 6. Re1 b5 7. Bb3 O-O 8. c3
d5 9. exd5 Nxd5 10. Nxe5 Nxe5 11. Rxe5 c6 12. d3 Bd6 13. Re1 Bf5 14. Qf3 Qh4 15.
g3 Qh3 16. Nd2 Rae8 17. Ne4 Bg4 18. Qg2 Qxg2+ 19. Kxg2 f5 20. Bf4 Bxf4 21. gxf4
fxe4 22. dxe4 Bf3+ 23. Kxf3 Rxf4+ 24. Kg3 Rfxe4 25. Rxe4 Rxe4 26. f3 Re5 27. c4
bxc4 28. Bxc4 a5 29. Rd1 Kf8 30. Bxd5 cxd5 31. Rd2 1/2-1/2